US Cities by population Quiz Stats

 Plays Quiz not verified by Sporcle

Challenge
Share
Tweet
Embed
Score 0/25 Timer 04:00
0 Plays Today
Population City % Correct
8,363,710New York
100%
3,833,995Los Angeles
100%
2,853,114Chicago
99.4%
2,242,193Houston
98%
1,279,910Dallas
97.7%
1,540,351Philadelphia
96.5%
620,535Boston
95.7%
1,567,924Phoenix
95.4%
808,976San Francisco
94.8%
598,541Seattle
94.8%
912,062Detroit
94.2%
1,279,329San Diego
93.1%
798,382Indianapolis
92.8%
Population City % Correct
598,707Denver
92.8%
757,688Austin
91%
636,919Baltimore
90.8%
1,351,305San Antonio
90.5%
807,815Jacksonville
86.7%
754,885Columbus
85.8%
669,651Memphis
85.8%
687,456Charlotte
81.5%
604,477Milwaukee
81.5%
948,279San Jose
80.1%
703,073Fort Worth
76%
613,190El Paso
74.3%

You're not logged in!

Compare scores with friends on all Sporcle quizzes.
Join for Free
OR
Log In

You Might Also Like...

Show Comments

Extras

Top Quizzes Today


Score Distribution

Your Account Isn't Verified!

In order to create a playlist on Sporcle, you need to verify the email address you used during registration. Go to your Sporcle Settings to finish the process.

Report this User

Report this user for behavior that violates our Community Guidelines.

Details: